[Event "Landsturneringen 2022 - Klasse 2"]
[Site "Kongsvinger, Innlandet NOR"]
[Date "2022.07.11"]
[Round "3"]
[White "Kristensen, Trond"]
[Black "Furnes, Torstein"]
[Result "0-1"]
[WhiteElo "1613"]
[BlackElo "1750"]
[Annotator "Furnes, Torstein"]
[PlyCount "98"]
[EventDate "2022.07.08"]

1. e4 c5 2. d4 cxd4 3. c3 dxc3 4. Nxc3 Nc6 5. Bc4 e6 6. Nf3 Bc5 7. O-O Nge7 8.
Qe2 O-O 9. Bg5 a6 10. Rfd1 b5 11. Bb3 Qb6 12. Rac1 Rb8 $6 (12... Ng6 {er bedre.
}) 13. Rc2 Ng6 14. Rcd2 $6 h6 15. Be3 Bxe3 16. fxe3 {Den isolerte
dobbeltbonden blir en svakhet i hvits stilling.} Nge5 17. Nd4 Na5 18. Qh5 $6
Nxb3 19. axb3 {Dermed har hvit fått enda en isolert dobbeltbonde.} Ng6 20. Nce2
Bb7 21. Ng3 Rbc8 22. Rf2 Rc5 23. Qe2 d5 24. Rdf1 dxe4 25. b4 Rc4 26. Qd2 Ne5
27. b3 Rc7 28. Nh5 Nd3 {Et godt felt for springeren.} 29. Re2 ({Førstevalget
til Stockfish var her en variant med en del komplikasjoner} 29. Nxg7 $1 Kxg7
30. Rf6 Ne5 31. Nxe6+ fxe6 32. Rxf8 Nf3+ 33. gxf3 Kxf8 34. Qd8+ Kg7 35. f4 $19)
29... Qd6 30. Nc2 Qd5 31. g4 Qxb3 32. Rg2 Qd5 33. Rf6 {Tårnet kan selvsagt
ikke slås pga springergaffel på f6 som vinner dronningen.} Kh8 (33... Rfc8 {er
sterkere.}) 34. Rf1 Ne5 (34... Rfc8) 35. Qf2 Nf3+ {Et nytt godt felt for
springeren.} 36. Kh1 Rfc8 37. Ne1 Nxe1 $2 {Mister en del av svartfordelen.} 38.
Rxe1 Rc1 39. Rgg1 Rxe1 40. Rxe1 Rc7 41. Rg1 Rd7 42. Qf4 Qd6 43. Qf2 Qxb4 44. g5
hxg5 45. Qg3 Qe7 46. h4 f6 47. hxg5 fxg5 48. Qe5 Qf7 49. Qxg5 Rd5 {Avvikler
til sluttspill med tre bønder over etter Dxg7+ Dxg7 Sxg7} ({Men mer effektivt
var} 49... Qf3+ 50. Rg2 (50. Kh2 Rd2+ 51. Rg2 Rxg2+ 52. Qxg2 Qxh5+ 53. Kg1 Bd5)
50... Qh3+ 51. Rh2 Rd1+ 52. Qg1 Qf3+ 53. Rg2 Qxh5+ 54. Rh2 Rxg1+ 55. Kxg1 Qxh2+
56. Kxh2) 0-1

[Event "Landsturneringen 2022 - Klasse 2"]
[Site "Kongsvinger, Innlandet NOR"]
[Date "2022.07.12"]
[Round "4"]
[White "Furnes, Torstein"]
[Black "Tandberg, Gudbrand"]
[Result "1-0"]
[WhiteElo "1750"]
[BlackElo "1686"]
[Annotator "Furnes, Torstein"]
[PlyCount "83"]
[EventDate "2022.07.08"]

1. d4 Nf6 2. c4 e6 3. Nc3 Bb4 4. Qc2 O-O 5. Nf3 d5 6. e3 c5 7. dxc5 Nbd7 8. a3
Bxc3+ 9. Qxc3 Ne4 10. Qc2 a5 11. cxd5 exd5 12. c6 Ndc5 13. cxb7 Bxb7 14. Be2
Rc8 15. Qd1 $6 (15. O-O) 15... Qb6 (15... Bc6 16. O-O Ba4 17. Qe1 Bc2 {er bra
for svart.}) 16. Nd4 a4 17. O-O Rfd8 18. Bb5 Ba6 19. Bxa6 Qxa6 20. Bd2 Qd3 21.
Ba5 Rd7 22. Rc1 Qxd1 $6 (22... Qa6) 23. Rfxd1 Ra8 24. Bb4 Ne6 25. Kf1 h5 26.
Rc6  N4g5 27. h4 Nxd4 28. Rxd4 Ne6 29. Rd1 Raa7 30. Rd6  Rxd6 31. Bxd6 d4 32. exd4 Rd7 33. Bb4 Rxd4 34. Rxd4 Nxd4 35. Bc3 Ne6
36. Ke2 Kf8 37. g3 Ke7 38. Kd3  g5 39. hxg5 Nxg5 40. Kc4 Ke6 41.
Bd4 f5 42. Be3 1-0

[Event "Landsturneringen 2022 - Klasse 2"]
[Site "Kongsvinger, Innlandet NOR"]
[Date "2022.07.12"]
[Round "5"]
[White "Juodziukynas, Aidas"]
[Black "Furnes, Torstein"]
[Result "1-0"]
[WhiteElo "1630"]
[BlackElo "1750"]
[Annotator "Furnes, Torstein"]
[PlyCount "49"]
[EventDate "2022.07.08"]

1. d4 d5 2. c4 e6 3. Nc3 Nf6 4. Bg5 Be7 5. e3 O-O 6. Nf3 b6 7. Qc2 Bb7 8. Bd3
h6 9. Bh4 Nbd7 10. Rg1 {Interessant ! Hvit planlegger kongeangrep med å sende
g-bonden framover. Hos ChessBase online database er dette trekket kun spilt en
gang tidligere i de 172 partiene med denne stillingen. Hos Stockfish 15 øker
svartfordelen til -1.9 etter dette trekket.} dxc4 11. Bxc4 c5 12. Rd1 (12.
O-O-O {er førstevalget til Stockfish 15.}) 12... cxd4 13. Rxd4 Qc8 14. Bb3 (14.
Be2) 14... Nc5 15. Ne5 Rd8 16. g4 Nxb3 17. Qxb3 Rxd4 18. exd4 Qd8 19. Qd1 Rc8
$2 {Etter dette trekket faller svartfordelen fra -3.3 til -1.} ({Det var
nødvendig å blokkere hvits g-bonde med} 19... g5) 20. g5 hxg5 21. Bxg5 Nd5 $4 {
Tapstrekket. Hvits kongeangrep blir nå avgjørende.} ({Stockfish vil spille} 
21... b5 {med svart fordel på -1.}) 22. Qh5 $1 Qf8 23. Bh6 $1 Nf6 24. Qh3 {Jeg
vil for all del ikke tillate hvit å slå på g7 og spiller derfor} Ne8 $2 {Men
jeg ser jo hva som kommer...} 25. Nd7 $1 {Dronningen har blitt offer for en
slags kvelermatt !} 1-0

[Event "Landsturneringen 2022 - Klasse 2"]
[Site "Kongsvinger, Innlandet NOR"]
[Date "2022.07.13"]
[Round "6"]
[White "Furnes, Torstein"]
[Black "Klausen, Truls Skauge"]
[Result "1-0"]
[WhiteElo "1750"]
[BlackElo "1660"]
[Annotator "Furnes, Torstein"]
[PlyCount "59"]
[EventDate "2022.07.08"]

1. d4 Nf6 2. c4 Nc6 3. Nc3 e5 4. d5 Ne7 5. e4 Ng6 6. Nf3 ({Stockfish vil spille
} 6. h4 $16) 6... Bb4 7. Bd3 Bxc3+ 8. bxc3 O-O 9. O-O ({Stockfish vil fortsatt
spille} 9. h4 $14) 9... d6 10. h3 b6 11. Nh2 $146 {Dette er første trekk som
ikke tidligere er spilt i ChessBase OnlineDatabase.} Re8 12. Bg5 h6 13. Be3 Bd7
14. Ng4 Nxe4 $6 $18 {Dette offeret er nok ikke helt korrekt.} (14... Nf4 {er
førstevalget til Stockfish.}) 15. Bxe4 f5 16. Nxh6+ $2 ({Her kunne jeg bare
trekke løperen rolig tilbake med} 16. Bc2 {fordi etter} fxg4 {henger
springeren:} 17. Bxg6) 16... gxh6 17. Qh5 Qf6 ({Hvit vinner etter} 17... fxe4
$4 18. Qxg6+ Kh8 19. Qxh6+ Kg8 20. Qg6+ Kh8 21. Bg5) 18. Bc2 Nf4 19. Bxf4 exf4
20. Rad1 Re7 21. Rd4 Qg5 22. Qf3 Rg7 23. Rxf4 Rf8 24. Re1 Kh8 25. Kh1 Rfg8 26.
g3 a5 $2 {Tapstrekket.} ({Svart måtte spille} 26... Rf8) 27. Bxf5 Bxf5 28. Rxf5
Qd2 29. Qe3 {Jeg velger å avvikle til sluttspill med to bønder over.} ({Men
Stockfish vil heller øke presset med} 29. Re6) 29... Qxe3 (29... Qxa2 $4 {blir
matt i 3 trekk:} 30. Qxh6+ Rh7 31. Qf6+ Rgg7 32. Re8#) 30. Rxe3 1-0

[Event "Landsturneringen 2022 - Klasse 2"]
[Site "Kongsvinger, Innlandet NOR"]
[Date "2022.07.14"]
[Round "7"]
[White "Furnes, Torstein"]
[Black "Langvik, Ulrikke"]
[Result "1-0"]
[WhiteElo "1750"]
[BlackElo "1622"]
[Annotator "Furnes, Torstein"]
[PlyCount "99"]
[EventDate "2022.07.08"]

1. d4 d5 2. c4 e6 3. Nc3 c6 4. cxd5 exd5 5. Nf3 Bd6 6. Bg5 f6 7. Bh4 Ne7 8. e3
Nf5 9. Bd3 Qe7 (9... Nxh4) 10. Qc2 g6 $6 (10... Nxh4) 11. Bg3 $2 ({Overser at
jeg kan spille} 11. Nxd5 $1 {fordi løperen på c8 er ubeskyttet.}) 11... Na6 (
11... O-O) 12. Bxa6 bxa6 13. Nxd5 $5 {Jeg syntes dette offeret så lovende ut,
men Stockfish 15 har det som sitt fjerdevalg med en vurdering på +1.2.} ({
Stockfish vil heller spille} 13. Bxd6 Qxd6 14. O-O {med en vurdering på +2.})
13... cxd5 14. Qc6+ Qd7 15. Qxa8 Nxg3 $18 ({Her måtte svart spille} 15... Bb4+
{ifølge Stockfish og foreslår videre} 16. Nd2 O-O 17. Rc1 Nxd4 $1 18. Qb8 (18.
exd4 $2 Re8+ 19. Be5 fxe5 20. dxe5 Qe6 $17) 18... Qg4 19. f3 Qe6) 16. hxg3 Bb4+
17. Kf1 Kf7 18. Qb8 a5 19. Qf4 Ke7 20. Rc1 Bd6 21. Qh6 Kf7 22. Qxh7+ $1 {Får
avviklet til sluttspill med kvalitet og to bønder over.} Rxh7 23. Rxh7+ Ke6 24.
Rxd7 Bxd7 25. Nd2 a4 26. Ke2 a3 27. bxa3 Bxa3 28. Rb1 Bc6 29. Kd3 Kf5 30. Nb3
a6 31. Nc5 a5 32. Rb6 Be8 33. f3 Bb4 34. g4+ ({Her var beste trekk} 34. e4+ $1
{med poenget at det blir matt i 5 trekk dersom svart slår e-bonden:} dxe4+ 35.
Nxe4 Be7 36. g4+ Kf4 37. Ke2 Bb5+ 38. Rxb5 a4 39. g3#) 34... Kg5 35. Rb8 Bc6
36. Ke2 Kh6 37. Rb6 Be8 38. Rxf6 Bb5+ 39. Kf2 Ba3 40. Rf7 Bc4 41. Ra7 Bb4 42.
a4 Kg5 43. Nb7 Bb3 44. Nxa5 Bxa4 45. Nb7 Bb3 46. Nc5 Bc4 47. Rf7 Ba3 $2 {Nå
blir det matt i 3 trekk.} (47... Kh6) 48. Ne6+ Kh6 49. g5+ Kh5 50. Rh7# 1-0

[Event "Landsturneringen 2022 - Klasse 2"]
[Site "Kongsvinger, Innlandet NOR"]
[Date "2022.07.15"]
[Round "8"]
[White "Sandstad, Linus"]
[Black "Furnes, Torstein"]
[Result "1-0"]
[WhiteElo "1670"]
[BlackElo "1750"]
[Annotator "Furnes, Torstein"]
[PlyCount "115"]
[EventDate "2022.07.08"]

{Her er oppgjøret mot han som tilslutt ble nr. 1 i klasse 2.} 1. e4 c5 2. c3 d5
3. exd5 Qxd5 4. d4 Nf6 5. Nf3 e6 6. Na3 cxd4 7. Nb5 Na6 8. Nbxd4 Nc7 $6 $16 9.
Bd3 Be7 10. Bf4 Qd8 11. O-O O-O 12. Ne2 $146 {Dette trekket er ikke tidligere
spilt i Onlinedatabasen til ChessBase.} b6 13. c4 Bb7 14. Nc3 Bb4 15. Qe2 Bxc3
{Gir hvit svekket bondestruktur på dronningfløyen.} 16. bxc3 Qe7 17. Rfd1 Rfd8
18. Nd4 Rd7 19. Bxc7 $6 $17 {En liten unøyaktighet ifølge Stockfish. Nå blir
det snart vanskelig for hvit å forsvare c4-bonden.} Rxc7 20. Rd2 Ba6 21. Rad1
Rac8 22. Qe5 Bxc4 $2 $11 {Ifølge Stockfish en feil som reduserer svartfordelen
fra -2.7 til 0.} ({Bedre er} 22... g6) 23. Bxc4 Rxc4 24. Nf5 $1 {Dette trekket
hadde jeg oversett.} Qf8 {Eneste trekk som unngår direkte tap.} 25. Nd6 ({Her
var datamaskinens førstevalg} 25. Nh6+ $1 Kh8 (25... gxh6 26. Qxf6 Re8 27. Rd4
Rxd4 28. Rxd4 Qg7 $11) 26. Rd8 Rxd8 27. Rxd8 Qxd8 28. Nxf7+ Kg8 29. Nxd8 Re4
30. Qxe6+ Rxe6 31. Nxe6 $11) 25... R4c5 26. Qe1 Rd8 27. Rd3 Rd5 28. Rxd5 Nxd5
29. Ne4 Rc8 30. Rd3 h6 31. Qd2 Rc4 $1 32. Ng3 Qa3 33. Ne2 a5 34. Rg3 Qe7 $2 {
Overser at hvit kan ta h-bonden.} 35. Qxh6 Qf6 36. Qd2 Qf5 37. h4 $2 Rxh4 38.
Nc1 $6 (38. Rd3) 38... Qh7 39. f3 Rh1+ 40. Kf2 Qh5 $4 {Tidsnødtabbe i siste
trekk før tidskontrollen.} (40... Qb1 {vinner. F.eks.} 41. Qg5 g6 42. Rh3 Rxh3
43. gxh3 Qc2+ 44. Ne2 Qxa2) 41. Ne2 Qh7 $4 $18 {Ny tabbe.} ({Etter} 41... Qh4 {
står svart fortsatt til vinst med fordel på ca. -5 ifølge Stockfish.}) 42. c4 {
Svart mister springeren fordi det blir matt på 8. raden dersom den flytter.}
Qb1 43. cxd5 Rf1+ 44. Ke3 Qf5 45. Qd4 e5 46. Qg4 Qxg4 47. Rxg4 f5 48. Rg5 f4+
49. Kd2 Ra1 50. Nc1 Rb1 51. Rxe5 Rb2+ 52. Kc3 Rb5 53. Nd3 Kf7 54. Kc4 Rb1 55.
d6 Rh1 56. d7 Rh8 57. Kb5 Rd8 58. Kc6 1-0

[Event "Landsturneringen 2022 - Klasse 2"]
[Site "Kongsvinger, Innlandet NOR"]
[Date "2022.07.16"]
[Round "9"]
[White "Dale, Svein"]
[Black "Furnes, Torstein"]
[Result "1/2-1/2"]
[WhiteElo "1706"]
[BlackElo "1750"]
[Annotator "Furnes, Torstein"]
[PlyCount "31"]
[EventDate "2022.07.08"]

1. e4 c5 2. a3 {Modern Anti-Sicilian. Det er gitt ut en egen bok på 552 sider
om denne åpningen. Hos ChessBase onlinedatabase er det over 4000 partier med
disse trekkene, deriblant tre partier der Magnus Carlsen har spilt dette som
hvit.} Nc6 3. b4 cxb4 4. axb4 Nxb4 5. c3 Nc6 6. d4 d5 7. e5 ({Partiet
Carlsen-Inarkiev fortsatte} 7. exd5 Qxd5 8. Na3 Bf5 9. Nb5 Rc8 10. Nxa7 Nxa7
11. Rxa7 e5 12. Nf3 exd4 13. Nxd4 Bd7) 7... Bf5 8. Ba3 $17 {Stockfish mener at
dette var en liten unøyaktighet.} Qa5 $146 {Første trekk som ikke er tidligere
spilt i ChessBase Onlinedatabase.} 9. Nf3 e6 10. Bxf8 Qxa1 11. Bxg7 Qxb1 12.
Qxb1 Bxb1 13. Kd2 a5 14. Bb5 Be4 15. Ra1 Kd7 16. Bxh8 {Hvit tilbyr remis og
jeg tar imot. Stockfish vurderer sluttstillingen som svart fordel på -0.4.}
1/2-1/2

[Event "Landsturneringen 2022 - Senior 50+ B"]
[Site "Kongsvinger, Innlandet NOR"]
[Date "2022.07.09"]
[Round "1"]
[White "Larsen, Jo Ingebrigt"]
[Black "Teigen, Tore"]
[Result "1/2-1/2"]
[WhiteElo "1588"]
[BlackElo "1480"]
[PlyCount "91"]
[EventDate "2022.07.08"]

1. d4 Nf6 2. Bf4 e6 3. e3 d5 4. Bd3 Bd6 5. Bg3 Bd7 6. Nd2 Nc6 7. c3 h6 8. Ngf3
Qe7 9. Ne5 O-O-O 10. Qe2 Qe8 11. a4 Ne7 12. Bb5 Nf5 13. Nxd7 Nxd7 14. Bxd6 Nxd6
15. Bd3 f5 16. c4 dxc4 17. Nxc4 Nxc4 18. Bxc4 Nb6 19. Bb5 Qe7 20. O-O c6 21.
Rfc1 Kb8 22. Bd3 Rd6 23. a5 Nd5 24. Ra4 Rc8 25. f3 Qd7 26. g3 Nf6 27. Rac4 Ng8
28. b4 Ne7 29. b5 cxb5 30. Rxc8+ Nxc8 31. Bxb5 Qd8 32. a6 b6 33. Qc4 Ne7 34.
Ba4 Qc8 35. Qf1 Qd8 36. Rc4 Nd5 37. Qc1 Ne7 38. Bc6 e5 39. Qc3 exd4 40. exd4
Nxc6 41. Rxc6 Rxc6 42. Qxc6 Qc8 43. Qb5 g5 44. Qe5+ Ka8 45. Qd5+ Kb8 46. Qe5+
1/2-1/2

[Event "Landsturneringen 2022 - Senior 50+ B"]
[Site "Kongsvinger, Innlandet NOR"]
[Date "2022.07.10"]
[Round "2"]
[White "Jakobsen, Per-Arvid"]
[Black "Larsen, Jo Ingebrigt"]
[Result "1/2-1/2"]
[WhiteElo "1417"]
[BlackElo "1588"]
[Annotator "Larsen, Jo Ingebrigt"]
[PlyCount "45"]
[EventDate "2022.07.08"]

1. e4 d6 2. d4 Nf6 3. Nc3 Nbd7 4. Nf3 e5 5. Bc4 h6 6. h3 Be7 7. O-O c6 8. b4 a6
9. a3 Qc7 10. Qd3 Nf8 11. d5 g5 12. dxc6 bxc6 13. Nh2 Ng6 14. a4 Bb7 15. Rb1
Nd7 16. Qf3 O-O 17. Qh5 Kg7 18. Ng4 Rh8 19. Bxf7 Kxf7 20. Nxh6+ Kg7 ({Overså
helt at jeg bare kunne ta hesten med tårnet og fange dronningen.} 20... Rxh6 $1
21. Qxh6 Rh8) 21. Nf5+ Kf7 22. Nh6+ Kg7 (22... Rxh6 $1 23. Qxh6 Rh8) 23. Nf5+
1/2-1/2

[Event "Landsturneringen 2022 - Senior 50+ B"]
[Site "Kongsvinger, Innlandet NOR"]
[Date "2022.07.11"]
[Round "3"]
[White "Larsen, Jo Ingebrigt"]
[Black "Knutsen, Pål Egil"]
[Result "1-0"]
[WhiteElo "1588"]
[BlackElo "1582"]
[PlyCount "55"]
[EventDate "2022.07.08"]

1. d4 Nf6 2. Bf4 d5 3. e3 e6 4. Nf3 c5 5. Nc3 cxd4 6. exd4 a6 7. Bd3 Nc6 8. a3
b5 9. b4 Bb7 10. O-O Be7 11. Re1 O-O 12. Qd2 Nb8 13. Ne5 Nbd7 14. Re3 Nh5 15.
Rh3 Nhf6 16. Re1 Rc8 17. Ree3 Ne4 18. Nxe4 dxe4 19. Bxe4 Bxe4 20. Rxe4 Nf6 21.
Re2 Qd5 22. Qd3 Rfd8 23. Ng4 g6 24. Nh6+ Kf8 25. Be5 Nd7 26. Nxf7 Kxf7 27.
Rxh7+ Ke8 28. Qxg6+ 1-0

[Event "Landsturneringen 2022 - Senior 50+ B"]
[Site "Kongsvinger, Innlandet NOR"]
[Date "2022.07.12"]
[Round "4"]
[White "Lensebakken, Jonar"]
[Black "Larsen, Jo Ingebrigt"]
[Result "0-1"]
[WhiteElo "1461"]
[BlackElo "1588"]
[PlyCount "84"]
[EventDate "2022.07.08"]

1. d4 Nf6 2. Nc3 d6 3. Bf4 Bf5 4. f3 h6 5. e4 Bh7 6. Bd3 Nh5 7. Be3 e5 8. Nge2
g5 9. dxe5 dxe5 10. Bb5+ c6 11. Qxd8+ Kxd8 12. O-O-O+ Kc7 13. Bc4 Bg8 14. g3
Ng7 15. f4 f6 16. Bxg8 Rxg8 17. fxe5 fxe5 18. Rhf1 Ne6 19. Rf7+ Kc8 20. Rdf1
Nd7 21. Kb1 Rg7 22. h4 Rxf7 23. Rxf7 Kd8 24. hxg5 hxg5 25. g4 Ke8 26. Rf5 Bh6
27. Ng3 Ng7 28. Rf1 Ne6 29. Nf5 Bf8 30. Rh1 Nf6 31. Rg1 b6 32. Rg3 Rd8 33. Kc1
Bc5 34. Bd2 Bb4 35. a3 Bxc3 36. Bxc3 Nf4 37. Bxe5 Ne2+ 38. Kb1 Nxg3 39. Bxf6
Rd1+ 40. Ka2 Nxe4 41. Bg7 Kf7 42. Bh8 Nf6 0-1

[Event "Landsturneringen 2022 - Senior 50+ B"]
[Site "Kongsvinger, Innlandet NOR"]
[Date "2022.07.12"]
[Round "5"]
[White "Martinsen, Vegard"]
[Black "Larsen, Jo Ingebrigt"]
[Result "0-1"]
[WhiteElo "1509"]
[BlackElo "1588"]
[PlyCount "56"]
[EventDate "2022.07.08"]

1. e4 d6 2. d4 Nf6 3. Nc3 Nbd7 4. Nf3 e5 5. Bc4 h6 6. O-O Be7 7. dxe5 dxe5 8.
Qe2 c6 9. a4 Qc7 10. Be3 Nf8 11. Rfd1 g5 12. a5 Ng6 13. b4 Bxb4 14. Bxf7+ Qxf7
15. Nb5 O-O 16. Nd6 Bxd6 17. Rxd6 Bg4 18. Rad1 Nh4 19. Bc5 Nxf3+ 20. gxf3 Be6
21. Qe3 Nh5 22. Rxe6 Qxe6 23. Rd6 Qe8 24. Rxh6 Nf4 25. Bxf8 Qxf8 26. Qb3+ Kg7
27. Re6 Nxe6 28. Qxe6 Re8 0-1

[Event "Landsturneringen 2022 - Senior 50+ B"]
[Site "Kongsvinger, Innlandet NOR"]
[Date "2022.07.13"]
[Round "6"]
[White "Larsen, Jo Ingebrigt"]
[Black "Runde, Per Steinar"]
[Result "0-1"]
[WhiteElo "1588"]
[BlackElo "1536"]
[PlyCount "80"]
[EventDate "2022.07.08"]

1. d4 d5 2. Bf4 Nf6 3. e3 Bf5 4. Bd3 e6 5. Nf3 Bxd3 6. Qxd3 c6 7. Nbd2 Be7 8.
h4 Ng4 9. h5 h6 10. e4 Nd7 11. e5 c5 12. c3 Rc8 13. Ng1 Nxf2 14. Kxf2 Bg5 15.
Nh3 Bxf4 16. Nxf4 O-O 17. Nf3 cxd4 18. cxd4 Qe7 19. g4 Qb4 20. Rab1 Nc5 21. Qe3
Ne4+ 22. Kg1 Rc2 23. Nd3 Qa5 24. a3 Nd2 25. Nxd2 Qxd2 26. Qxd2 Rxd2 27. Rh3 Rc8
28. Rc1 Rxc1+ 29. Nxc1 Rd1+ 30. Kf2 Rxc1 31. Rc3 Rxc3 32. bxc3 b5 33. Ke3 g5
34. Kd3 Kg7 35. Kc2 f5 36. gxf5 exf5 37. Kd3 f4 38. Ke2 g4 39. Kf2 Kf7 40. Kg2
Ke6 0-1

[Event "Landsturneringen 2022 - Senior 50+ B"]
[Site "Kongsvinger, Innlandet NOR"]
[Date "2022.07.14"]
[Round "7"]
[White "Dahl, Lasse"]
[Black "Larsen, Jo Ingebrigt"]
[Result "0-1"]
[WhiteElo "1582"]
[BlackElo "1588"]
[PlyCount "54"]
[EventDate "2022.07.08"]

1. d4 d6 2. Nc3 Nd7 3. Bf4 e5 4. dxe5 dxe5 5. Bg3 Ngf6 6. e4 Bb4 7. Bd3 Bxc3+
8. bxc3 c6 9. Nf3 Qa5 10. Qd2 O-O 11. O-O Nh5 12. Qg5 Nxg3 13. fxg3 Qxc3 14.
Rab1 f6 15. Qh5 Nc5 16. Ng5 Qd4+ 17. Kh1 fxg5 18. Rxf8+ Kxf8 19. Rf1+ Ke7 20.
Qf7+ Kd6 21. Be2 Nxe4 22. Qf8+ Kc7 23. Rb1 Bd7 24. Qxa8 {Kvelermatten:} Nf2+
25. Kg1 Nh3+ 26. Kh1 Qg1+ $1 27. Rxg1 Nf2# 0-1

[Event "Landsturneringen 2022 - Senior 50+ B"]
[Site "Kongsvinger, Innlandet NOR"]
[Date "2022.07.15"]
[Round "8"]
[White "Larsen, Jo Ingebrigt"]
[Black "Mottang, Harald"]
[Result "1-0"]
[WhiteElo "1588"]
[BlackElo "1512"]
[PlyCount "55"]
[EventDate "2022.07.08"]

1. d4 d5 2. Bf4 Nf6 3. e3 a6 4. Bd3 e6 5. Nd2 c5 6. c3 Nc6 7. Ngf3 cxd4 8. exd4
Bd6 9. Ne5 Qc7 10. Qe2 Ne7 11. g4 Ng6 12. Bg3 Bxe5 13. dxe5 Nd7 14. f4 O-O 15.
Nf3 Nc5 16. Bc2 Bd7 17. f5 Bb5 18. Qe3 exf5 19. gxf5 Ne7 20. f6 Ng6 21. O-O-O
Rad8 22. fxg7 Rfe8 23. Bxg6 fxg6 24. e6 Rxe6 25. Qxe6+ Nxe6 26. Bxc7 Nxc7 27.
Rhe1 Kxg7 28. Re7+ 1-0

[Event "Landsturneringen 2022 - Senior 50+ B"]
[Site "Kongsvinger, Innlandet NOR"]
[Date "2022.07.16"]
[Round "9"]
[White "Lode, Steinar"]
[Black "Larsen, Jo Ingebrigt"]
[Result "1-0"]
[WhiteElo "1585"]
[BlackElo "1588"]
[PlyCount "77"]
[EventDate "2022.07.08"]

1. e4 d6 2. d4 Nf6 3. Nc3 Nbd7 4. Nf3 e5 5. dxe5 dxe5 6. a3 h6 7. Bc4 Be7 8.
O-O c6 9. h3 Qc7 10. Bb3 Nf8 11. Be3 g5 12. Nh2 Ng6 13. Qe2 Nf4 14. Qc4 Be6 15.
Nd5 N6xd5 16. exd5 Bxd5 17. Qa4 b5 18. Qa6 Be6 19. Bxe6 Nxe6 20. a4 b4 21. Qc4
a5 22. Rfe1 O-O 23. Ng4 Kg7 24. Bd2 Rad8 25. Rad1 Rd4 26. Qe2 f6 27. Ne3 Nf4
28. Nf5+ Kg6 29. Nxe7+ Qxe7 30. Bxf4 Rxf4 31. c3 bxc3 32. bxc3 Rd8 33. g3 Rf5
34. Qe4 Rxd1 35. Rxd1 Qc5 36. Rd2 Qxc3 37. g4 Qxd2 38. gxf5+ Kf7 39. Qxc6 {Tap
på tid.} 1-0

[Event "Landsturneringen 2022 - Miniputt"]
[Site "Kongsvinger, Innlandet NOR"]
[Date "2022.07.09"]
[Round "1"]
[White "Jiabao, Eivind Ji"]
[Black "Innset-Ekkje, Amandus"]
[Result "0-1"]
[WhiteElo "1551"]
[BlackElo "1109"]
[Annotator "Lea, Per"]
[PlyCount "140"]
[EventDate "2022.07.08"]

1. e4 c5 2. Nf3 Nc6 3. d4 cxd4 4. Nxd4 Nf6 5. Nc3 e5 6. Ndb5 d6 7. Bg5 a6 8.
Na3 Be7 9. Bxf6 Bxf6 10. Nc4 Be7 11. Nd5 Be6 12. Nxe7 Kxe7 13. Ne3 Rc8 14. Nd5+
Kf8 15. g3 Nd4 16. c3 Bxd5 17. exd5 Nf5 18. Bh3 Qf6 19. Qf3 Ne7 20. Qxf6 gxf6
21. Bxc8 Nxc8 22. c4 Kg7 23. b4 Rd8 24. Ke2 Nb6 25. Rac1 f5 26. Kf3 e4+ 27. Ke3
Kf6 28. f4 Nd7 29. Rhd1 Rc8 30. Kd4 b6 31. a4 Ke7 32. Ra1 Rb8 33. Rdb1 h5 34.
a5 b5 35. c5 Nf6 36. cxd6+ Kxd6 37. Ra2 Nxd5 38. Rc2 Ne7 39. Rd1 Ke6 40. Rcd2
Nd5 41. Re1 Rc8 {En snedig felle som truet matt, derfor så hvit seg nødt til å
gi et helt tårn i en i utgangspunktet vunnet stilling.} 42. Rxe4+ fxe4 43. Kxe4
Rc4+ 44. Kf3 Rxb4 45. Re2+ Kd6 46. Re5 h4 47. Rf5 hxg3 48. Kxg3 f6 49. Rh5 Rxf4
50. Rh8 b4 51. h4 b3 52. Rb8 Rb4 53. Rd8+ Ke7 54. Rxd5 b2 55. Rd1 b1=Q 56. Rxb1
Rxb1 57. h5 Kf7 58. Kf4 Rh1 59. Kg4 Kg7 60. h6+ Kxh6 61. Kf4 Rf1+ 62. Ke4 f5+
63. Ke3 f4+ 64. Ke2 Ra1 65. Kf3 Kg5 66. Kf2 Kg4 67. Ke2 f3+ 68. Kf2 Ra2+ 69.
Ke3 f2 70. Kd3 f1=Q+ 0-1

[Event "Landsturneringen 2022 - Miniputt"]
[Site "Kongsvinger, Innlandet NOR"]
[Date "2022.07.14"]
[Round "7"]
[White "Innset-Ekkje, Amandus"]
[Black "Myny, Sigur H"]
[Result "0-1"]
[WhiteElo "1109"]
[BlackElo "1452"]
[PlyCount "110"]
[EventDate "2022.07.08"]

1. d4 d5 2. c4 e6 3. Nc3 Nf6 4. Bg5 c6 5. Nf3 Nbd7 6. e3 Qa5 7. Nd2 Bb4 8. Qc2
h6 9. Bf4 Nh5 10. Bg3 Nxg3 11. hxg3 Bxc3 12. Qxc3 Qxc3 13. bxc3 e5 14. cxd5
cxd5 15. Bb5 O-O 16. O-O f6 17. Ba4 Nb6 18. Bb3 Be6 19. f4 Rac8 20. Rac1 g5 21.
f5 Bf7 22. e4 exd4 23. cxd4 dxe4 24. Bxf7+ Rxf7 25. Rxc8+ Nxc8 26. Nxe4 Kg7 27.
Nc5 Nd6 28. g4 Nc4 29. Rb1 Nd6 30. Kf2 b6 31. Ne6+ Kh7 32. Kf3 Kg8 33. Rc1 Rd7
34. Rc7 Rxc7 35. Nxc7 Kf7 36. Nd5 Kg7 37. g3 Kf7 38. Nb4 a5 39. Nd5 b5 40. Ke3
h5 41. gxh5 Nxf5+ 42. Kd3 Nxg3 43. h6 Kg6 44. h7 Kxh7 45. Nxf6+ Kg6 46. Ng4 Kf5
47. Ne3+ Ke6 48. Kc3 Nf5 49. Ng4 Ne7 50. Nf2 Kf5 51. Kb3 g4 52. Nxg4 Kxg4 53.
a3 Kf4 54. Kc3 Ke4 55. a4 b4+ 0-1

[Event "Landsturneringen 2022 - Miniputt"]
[Site "Kongsvinger, Innlandet NOR"]
[Date "2022.07.15"]
[Round "8"]
[White "Braaten, Birk"]
[Black "Innset-Ekkje, Amandus"]
[Result "0-1"]
[WhiteElo "1351"]
[BlackElo "1109"]
[PlyCount "80"]
[EventDate "2022.07.08"]

{Hvit-spilleren ble norgesmester i lynsjakk i Miniputt-klassen.} 1. e4 c5 2.
Nf3 Nc6 3. Nc3 d6 4. d4 cxd4 5. Nxd4 Nf6 6. Bb5 Bd7 7. Nxc6 Bxc6 8. Bxc6+ bxc6
9. O-O g6 10. Be3 Bg7 11. Kh1 O-O 12. f4 d5 13. e5 Nd7 14. Ne2 e6 15. Nd4 c5
16. Nf3 d4 17. Bf2 Rb8 18. b3 Nb6 19. c3 dxc3 20. Bxc5 Re8 21. Bxb6 axb6 22.
Qxd8 Rexd8 23. Rac1 Rdc8 24. Nd4 b5 25. a4 bxa4 26. bxa4 Rb4 27. Nb5 c2 28. Nd6
Rc5 29. a5 Ra4 30. h3 Bh6 31. Rf2 Bxf4 32. Rxf4 Rxf4 33. Kh2 Rd4 34. a6 Ra4 35.
a7 Rxa7 36. Kg3 Ra3+ 37. Kf2 Rb3 38. Ke2 Rb1 39. Kd2 Rxc1 40. Kxc1 Rxe5 0-1

[Event "Landsturneringen 2019"]
[Site "Larvik, Vestfold NOR"]
[Date "2019.07.08"]
[Round "3"]
[White "Larsen, Jo Ingebrigt"]
[Black "Lid, Trond Olsen"]
[Result "1-0"]
[WhiteElo "1481"]
[BlackElo "1519"]
[PlyCount "47"]

1. d4 d5 2. Bf4 Nf6 3. e3 e6 4. Bd3 c5 5. c3 c4 6. Bc2 Bd6 7. Bg3 h6 8. Nd2 Qc7
9. Ngf3 Nbd7 10. Qe2 b5 11. e4 dxe4 12. Nxe4 Bxg3 13. hxg3 Bb7 14. O-O-O a5 15.
Ne5 Nxe5 16. dxe5 Nd5 17. Nd6+ Ke7 18. Nxb5 Qc5 19. Nd6 Ba6 20. Be4 Nxc3 21.
bxc3 Qxe5 22. Qf3 Raf8 23. Qe3 f5 24. f4 1-0